000 00285nam a2200121 a 4500
008 100923s1978|||| d
100 1 _aFerko, Vladimír
245 1 0 _aŽltý diabol, žltý boh
260 _bObzor
_aBratislava
_c1978
020 _c27
044 _axo
_cSK
041 _aslo
999 _c10616
_d10616